| Tag |
First Indicator |
Second Indicator |
Subfields |
| LEADER |
00000cam a22000001a 4500 |
| 001 |
in00002160331 |
| 006 |
m e d # |
| 007 |
cr mn mmmmabba |
| 008 |
861104r1773 ctu s 000 0 eng d |
| 005 |
20260331160246.9 |
| 035 |
|
|
|z w004608
|
| 035 |
|
|
|a MAAR8611043903B
|
| 035 |
|
|
|9 mwa91-4385
|
| 035 |
|
|
|a 328438
|
| 035 |
|
|
|a aas03004608
|
| 040 |
|
|
|a MWA
|c MWA
|e bdrb
|d UtOrBLW
|
| 100 |
1 |
|
|a Smith, John,
|d -1773.
|
| 245 |
1 |
4 |
|a The last speech, confession and dying words of John Smith :
|b who was executed at Albany, on the fifth day of February 1773, for counterfeiting the currency of the province of New-York, &c. Contained in two letters, written by himself, and addressed to the printers.
|
| 264 |
|
3 |
|a [New-Haven] :
|b Re-printed and sold [by Thomas and Samuel Green] at the printing-office in New-Haven,
|c [1773]
|
| 300 |
|
|
|a 8 pages
|
| 336 |
|
|
|a text
|b txt
|2 rdacontent
|
| 337 |
|
|
|a computer
|b c
|2 rdamedia
|
| 338 |
|
|
|a online resource
|b cr
|2 rdacarrier
|
| 500 |
|
|
|a Ascribed to the press of Thomas and Samuel Green by Evans.
|
| 510 |
4 |
|
|a Evans
|c 13021
|
| 530 |
|
|
|a Microform version available in the Readex Early American Imprints series.
|
| 533 |
|
|
|a Electronic text and image data.
|b [Chester, Vt. :
|c Readex, a division of Newsbank, Inc.,
|d 2002-2004.
|e Includes files in TIFF, GIF and PDF formats with inclusion of keyword searchable text.
|f (Early American imprints. First series ; no. 13021).
|
| 500 |
|
|
|a Electronic resource.
|
| 650 |
|
0 |
|a Counterfeiters
|z New York (State)
|
| 650 |
|
0 |
|a Crime
|z New York (State)
|
| 650 |
|
0 |
|a Executions and executioners
|z New York (State)
|z Albany.
|
| 752 |
|
|
|a United States
|b Connecticut
|d New Haven.
|
| 830 |
|
0 |
|a Early American imprints.
|n Series I,
|p Evans (1639-1800) ;
|v no. 13021.
|
| 856 |
4 |
1 |
|u http://proxy.library.tamu.edu/login?url=https://opac.newsbank.com/select/evans/13021
|y Evans Digital Edition
|t 0
|
| 999 |
|
|
|a MARS
|
| 999 |
f |
f |
|s b5ef6c2e-398a-3d0b-8034-f0c3dba53cd2
|i eb177954-633e-3c1a-944c-e95ac7a8e7f3
|t 0
|
| 952 |
f |
f |
|a Texas A&M University
|b College Station
|c Electronic Resources
|s www_evans
|d Available Online
|t 0
|h No information provided
|
| 998 |
f |
f |
|t 0
|l Available Online
|